000 00363nam a22001571a 4500
020 _a9780582289161
082 _aE3 BUL/WRI
_bN97
100 _aBullen J B
245 _aWriting and victorianism/
_cby Bullen J B
260 _c1997
_a
_b
300 _a346p.
650 _aNovel English
650 _aLiterature English
650 _aLiterature
942 _cBK
999 _c51444
_d51444